Aplikácia minipočítačovej techniky SMEP v obchode zborník : Poprad, hotel Gerlach 17.-18.6.1986

Salvato in:
Dettagli Bibliografici
Natura: Libro
Lingua:slovacco
Pubblicazione: Banská Bystrica Dom techniky ČSVTS 1986
Tags: Aggiungi Tag
Nessun Tag, puoi essere il primo ad aggiungerne!!

MARC

LEADER 00000nam a2200000 4500
001 c104111
005 20181203150245.5
041 0 |a slo 
044 |a SK 
245 1 0 |a Aplikácia minipočítačovej techniky SMEP v obchode  |b zborník : Poprad, hotel Gerlach 17.-18.6.1986 
264 1 |a Banská Bystrica  |b Dom techniky ČSVTS  |c 1986 
300 |a 137 s.